Días con Walt Whitman : (Record no. 84989)
[ view plain ]
| 000 -LEADER | |
|---|---|
| campo de control de longitud fija | 01236cam a2200229 i 4500 |
| 001 - NÚMERO DE CONTROL | |
| campo de control | 127991 |
| 005 - FECHA Y HORA DE LA ÚLTIMA TRANSACCIÓN | |
| campo de control | 20230410132630.0 |
| 008 - DATOS DE LONGITUD FIJA--INFORMACIÓN GENERAL | |
| campo de control de longitud fija | 171206s2014 sp 000 0 spa d |
| 020 ## - NÚMERO INTERNACIONAL ESTÁNDAR DEL LIBRO | |
| Número Internacional Estándar del Libro | 9788494304217 |
| 041 ## - CÓDIGO DE IDIOMA | |
| Código de lengua del texto/banda sonora o título independiente | spa |
| 050 14 - SIGNATURA TOPOGRÁFICA DE LA BIBLIOTECA DEL CONGRESO | |
| Número de clasificación | PS 3232 |
| Número de ítem | C295d 2014 |
| 100 1# - ENTRADA PRINCIPAL--NOMBRE DE PERSONA | |
| Nombre de persona | Carpenter, Edward, |
| Fechas asociadas al nombre | 1844-1929. |
| 245 10 - MENCIÓN DEL TÍTULO | |
| Título | Días con Walt Whitman : |
| Resto del título | con notas sobre su vida y su obra / |
| Mención de responsabilidad, etc. | Edward Carpenter; Rosalía Cornejo Parriego |
| 260 ## - PUBLICACIÓN, DISTRIBUCIÓN, ETC. | |
| Lugar de publicación, distribución, etc. | Madrid : |
| Nombre del editor, distribuidor, etc. | Señor Lobo ediciones , |
| Fecha de publicación, distribución, etc. | 2014 |
| 300 ## - DESCRIPCIÓN FÍSICA | |
| Extensión | 163 p. : |
| Dimensiones | 21 cm |
| 520 ## - RESUMEN, ETC. | |
| Sumario, etc. | En Días con Walt Whitman, Edward Carpenter confecciona un magnífico retrato de Whitman a través de análisis de Hojas de hierba. Carpenter comienza narrando sus encuentros con el poeta estadounidense y las impresiones que este le causó. El autor consagra los siguientes capítulos a desgranar el trasfondo espiritual, sexual y social de la poesía whitmaniana. Este libro es una auténtica declaración de amor hacia la poesía y hacia whitman, que fue el faro que guió a Carpenter en su odisea vital y literal. |
| 650 #0 - PUNTO DE ACCESO ADICIONAL DE MATERIA--TÉRMINO DE MATERIA | |
| Término de materia o nombre geográfico como elemento de entrada | Whitman, Walt, |
| Fechas vigentes | 1819-1892. |
| 650 #4 - PUNTO DE ACCESO ADICIONAL DE MATERIA--TÉRMINO DE MATERIA | |
| Término de materia o nombre geográfico como elemento de entrada | Whitman, Walt, |
| Fechas vigentes | 1819-1892 |
| Subdivisión general | Crítica e interpretación. |
| 700 1# - ENTRADA AGREGADA--NOMBRE PERSONAL | |
| Nombre de persona | Cornejo Parriego, Rosalía |
| 942 ## - ELEMENTOS DE ENTRADA SECUNDARIOS (KOHA) | |
| Fuente del sistema de clasificación o colocación | Clasificación de Library of Congress |
| Tipo de ítem Koha | |
| 946 ## - PROCESAMIENTO DE INFORMACIÓN LOCAL (OCLC) | |
| a | dpf |
| Estatus retirado | Estado de pérdida | Fuente del sistema de clasificación o colocación | Estado de daño | No para préstamo | Colección | Biblioteca de origen | Biblioteca actual | Ubicación en estantería | Fecha de adquisición | Serial enumeration / chronology | Signatura topográfica completa | Código de barras | Visto por última vez | Copia número | Tipo de ítem Koha |
|---|---|---|---|---|---|---|---|---|---|---|---|---|---|---|---|
| Clasificación de Library of Congress | Humanidades | Biblioteca Juan Bosch | Biblioteca Juan Bosch | Humanidades (4to. Piso) | 10/04/2023 | 1 | PS 3232 C295d 2014 | 00000121663 | 25/10/2018 | 1 |
